| 000 | 00482nam a2200193Ia 4500 | ||
|---|---|---|---|
| 005 | 20240823043746.0 | ||
| 008 | 240823s9999||||xx |||||||||||||| ||und|| | ||
| 020 | _a81-7808-447-3 | ||
| 041 | _aENGLISH | ||
| 082 | _A005.43 P2 | ||
| 100 | _a"Tanenbaum,Andrew S" | ||
| 245 | 0 | _aModern Operating Systems | |
| 250 | _a2nd | ||
| 260 |
_c2002 _b"Pearson Education," |
||
| 500 | _aTRANSFERED | ||
| 650 |
_aOperating System _bComputer Applications |
||
| 942 | _cBK | ||
| 999 |
_c210967 _d210967 |
||